书目信息 |
| 题名: |
瀛涯胜览校注
|
|
| 作者: | 马欢, 著 ;冯承钧, 校注 | |
| 分册: | ||
| 出版信息: | 北京 华文出版社 2019 |
|
| 页数: | 181页 | |
| 开本: | 24cm | |
| 丛书名: | 丝路文库 | |
| 单 册: | ||
| 中图分类: | K248.105 , K930.6 | |
| 科图分类: | ||
| 主题词: | 郑和下西洋--zheng he xia xi yang--史料 , 历史地理--Li Shi Di Li--亚洲--15世纪 | |
| 电子资源: | ||
| ISBN: | 978-7-5075-5028-3 | |
| 000 | 01430nam 2200361 45 | |
| 001 | 012001009116 | |
| 005 | 20140101111701.0 | |
| 010 | @a978-7-5075-5028-3@b精装@dCNY48.00 | |
| 099 | @aCAL 012019064493 | |
| 100 | @a20190307d2019 em y0chiy50 ea | |
| 101 | 0 | @achi |
| 102 | @aCN@b110000 | |
| 105 | @aa z 000yy | |
| 106 | @ar | |
| 200 | 1 | @a瀛涯胜览校注@Aying ya sheng lan jiao zhu@f(明) 马欢著@g冯承钧校注 |
| 210 | @a北京@c华文出版社@d2019 | |
| 215 | @a181页@c图@d24cm | |
| 225 | 2 | @a丝路文库@Asi lu wen ku |
| 300 | @a“十三五”国家重点出版物出版规划项目 | |
| 314 | @a马欢,会稽人。于永乐十四年 (1416年)著成《瀛涯胜览》一书。 | |
| 314 | @a冯承钧 (1887-1946),湖北夏口人。1911年获索邦大学法学学士学位,后入法兰西学院师从汉学家伯希和。毕生研究中外交通中和边疆史,著译等身,是民国时期重要的中外交通史家。 | |
| 330 | @a本书是冯承钧先生以《纪录汇编》本、《胜朝遗事》本、《国朝典故》本、《西洋朝贡典录》《明史》等书为参照,对《瀛涯胜览》原文所做的校释。 | |
| 333 | @a历史爱好者及相关读者。 | |
| 410 | 0 | @12001 @a丝路文库 |
| 605 | @a《瀛涯胜览》@A《ying ya sheng lan》@x注释 | |
| 606 | 0 | @a郑和下西洋@Azheng he xia xi yang@x史料 |
| 606 | 0 | @a历史地理@ALi Shi Di Li@y亚洲@z15世纪 |
| 690 | @aK248.105@v5 | |
| 690 | @aK930.6@v5 | |
| 701 | 0 | @a马欢,@Ama huan@f明代@4著 |
| 702 | 0 | @a冯承钧,@Afeng cheng jun@f1887-1946@4校注 |
| 801 | 0 | @aCN@b上海新华@c20191020 |
| 905 | @b1187076-9@dK248.105@e137@f4 | |
| 瀛涯胜览校注/(明) 马欢著/冯承钧校注.-北京:华文出版社,2019 |
| 181页:图;24cm.-(丝路文库) |
| “十三五”国家重点出版物出版规划项目.-使用对象:历史爱好者及相关读者。 |
| ISBN 978-7-5075-5028-3(精装):CNY48.00 |
| 本书是冯承钧先生以《纪录汇编》本、《胜朝遗事》本、《国朝典故》本、《西洋朝贡典录》《明史》等书为参照,对《瀛涯胜览》原文所做的校释。 |
| ● |
| 相关链接 |
|
|
|
|
正题名:瀛涯胜览校注
索取号:K248.105/137
 
预约/预借
| 序号 | 登录号 | 条形码 | 馆藏地/架位号 | 状态 | 备注 |
| 1 | 1187076 | 211870769 | 第二样本阅览室/ [索取号:K248.105/137] | 在馆 | |
| 2 | 1187077 | 211870778 | 第二借阅区/ [索取号:K248.105/137] | 在馆 | |
| 3 | 1187078 | 211870787 | 第二借阅区/ [索取号:K248.105/137] | 在馆 | |
| 4 | 1187079 | 211870796 | 第二借阅区/ [索取号:K248.105/137] | 在馆 |